|
|
|
|
| LEADER |
00000nam a2200000 a 4500 |
| 001 |
vtls008322857 |
| 003 |
SK-MaSNL |
| 005 |
20260301222523.0 |
| 008 |
181127s1957 xo 000 slo |
| 015 |
|
|
|a SKSNBA1957/08-01157
|
| 035 |
|
|
|a SK01SNK19570015074
|
| 035 |
|
|
|a SKM000017537
|
| 040 |
|
|
|a SNK
|b slo
|c SNK
|e AACR2
|
| 041 |
1 |
|
|a slo
|
| 044 |
|
|
|a xo
|c SK
|
| 080 |
|
|
|a 633(082)
|2 1981
|
| 245 |
1 |
0 |
|a Prvá ekonomická konferencia v Nitre
|b výťah z ref. a diskus. príspevkov konferencie, ktorá sa konala v dňoch 8. a 9. febr. 1957
|
| 260 |
|
|
|a Bratislava
|b Povereníctvo poľnohospodárstva a lesného hospodárstva
|c 1957
|e Bratislava
|f Technografia
|
| 300 |
|
|
|a 96 s.
|c 8°
|
| 490 |
1 |
|
|a Poľnohospodárske aktuality
|v zv. 13
|
| 563 |
|
|
|a 4000 výtl.
|
| 650 |
0 |
7 |
|a poľnohospodárstvo
|x zborníky
|2 SNK
|9 292005
|
| 655 |
|
7 |
|a zborníky
|2 SNKPH
|9 70165
|
| 830 |
|
0 |
|a Poľnohospodárske aktuality
|9 307390
|
| 852 |
|
|
|a Slovenská národná knižnica v Martine
|b 10000
|h SD 13757
|
| 958 |
|
|
|a OND
|
| 958 |
|
|
|a TL
|
| 958 |
|
|
|a RK
|
| 999 |
|
|
|c 940166
|d 942096
|
| 952 |
|
|
|a SNK
|b SNK
|y PREZ
|7 0
|p 17A0507610
|o snkSD 13757
|i snkKSP 2140/57
|0 0
|1 0
|4 0
|d 2006-05-22
|l 0
|r 2025-11-27 00:00:00
|w 2026-02-24
|